000 00753nam a22002057a 4500
003 OSt
005 20260306074105.0
008 260306b |||||||| |||| 00| 0 eng d
020 _a978-621-406-382-6
040 _aDWCL-Main lib
_cOC
082 _aFil. 658.421 M179m 2024
100 _aCamilar-Serrano, Angelita Ong
245 _aFormulating and implementing policy & strategy in business:
_ban analytic approach to concepts and cases
_cAngelita Ong Camilar-Serrano
260 _aManila, Philippines:
_bMindshapers,
_cc2025.
300 _aviii, 374 pages;
_c25 cm.
504 _aIncludes bibliographical references.
650 _a1. Business policy--case studies.
650 _a2. Business strategy--case studies.
942 _2ddc
_cBK - FIL
_kFil.
_n0
999 _c8718
_d8718